00366nam a2200121Ia 4500008004100000041001200041082002200053100002300075245005800098260002200156300001200178650005400190231217s9999 xx 000 0 und d aEnglish a620.3 LAL.3;1 R aLalanne, Christian 0aMechanical vibration and shock V.3 : Random vibration c2002bHPSaLondon axvi+346 aMechanical,vibration,shock,V.3,:,Random,vibration